Hitler, la presse et la naissance d'une dictature.

Saved in:
Bibliographic Details
Main Author: Grosser, Alfred, 1925-
Format: Book
Language:French
Published: Paris : Armand Colin, 1972.
Edition:3e ed.
Series:Collection U2
Subjects:
LEADER 00875nam a22002531 4500
001 c000209304
003 CARM
005 20021125002200.0
008 870210s1972 fr 0 fre d
019 1 |a 5227208  |5 LACONCORD2021 
035 |a (OCoLC)219866494  |5 LACONCORD2021 
100 1 |a Grosser, Alfred,  |d 1925- 
245 1 0 |a Hitler, la presse et la naissance d'une dictature. 
250 |a 3e ed. 
260 |a Paris :  |b Armand Colin,  |c 1972. 
440 0 |a Collection U2 
600 1 0 |a Hitler, Adolf,  |d 1889-1945. 
650 0 |a Propaganda. 
650 0 |a Newspapers  |z Germany. 
651 0 |a Germany  |x History  |y 1918-1933. 
852 8 |b CARM  |h A2:AK35A0  |i A03125  |p 0286732  |f BK 
082 0 4 |a 943.085 
999 f f |i be37e3ac-c916-51e4-982d-df41c96369ae  |s f62dda4c-07f2-5203-8a79-010e601e10f6 
952 f f |p Can circulate  |a CAVAL  |b CAVAL  |c CAVAL  |d CARM 1 Store  |e A03125  |f A2:AK35A0  |h Other scheme  |i book  |m 0286732